| 000 | 01381nam a2200217Ia 4500 | ||
|---|---|---|---|
| 003 | Ost | ||
| 005 | 20260507075620.0 | ||
| 008 | 260507s9999||||xx |||||||||||||| ||und|| | ||
| 020 | _a9789947780329 | ||
| 040 | _cfsecg | ||
| 041 | _aara | ||
| 082 | _a338.5 | ||
| 100 |
_aالشارف، عتو _eمؤلف |
||
| 245 | 0 |
_aتمارين محلولة في الإقتصاد الجزئي / _c عتو الشارف |
|
| 260 |
_aالجزائر: _bالنشر الجامعي الجديد, _c2019 |
||
| 300 |
_a288 صفحة؛ _bإيضاحات ؛ _c24 سم |
||
| 504 | _aالمراجع ص.285 | ||
| 520 | _aأمام ندرة المراجع باللغة العربية خاصة تلك التي تتناول تمارين محلولة وفق البرنامج المقرر لمادة الاقتصاد الجزئي الخاص بطلبة الجذع المشترك تخصص العلوم الاقتصادية، التجارية، وعلوم التسيير . وضع المؤلف هذا الكتاب لما له من جانب تطبيقي نظرا لتعدد التقنيات في هذا المقياس وتنوعها، كما استعان بالحل النموذجي لمجموعة معتبرة من التمارين المحلولة لمساعدة الطالب في اتمام وفهم محاضرات الاقتصاد الجزئي . | ||
| 653 | _aالإقتصاد الجزئي | ||
| 942 | _cكتاب | ||
| 999 |
_c45138 _d45138 |
||